000 00368nam a2200121 4500
999 _c518057
_d518057
082 _aTNC A99 R141
100 _aVenkataramiah, Munagala
_926844
245 _aTalks with Sri Ramana Maharshi
260 _aTiruvannamalai
_bSri Ramanasramam
_c2008
300 _a683p
650 _aHindustani,
_926845
650 _aRamana Maharshi - Criticism and interpretation
_926846